| 000 | nam a22 7a 4500 | ||
|---|---|---|---|
| 999 |
_c18073 _d18071 |
||
| 001 | 719 | ||
| 003 | OSt | ||
| 005 | 20211215115159.0 | ||
| 008 | 211215b xxu||||| |||| 00| 0 eng d | ||
| 020 | _a0713733543 | ||
| 040 | _cDDC | ||
| 082 | _aR/300 MAT | ||
| 100 | _4Paul Mathias | ||
| 245 |
_aThe Teachers Hand Book: _bFor Social Studies _cPaul Mathias |
||
| 260 |
_aLondon _bBlandford Press LTD _c1973 |
||
| 300 |
_a363 P, : _bill, _c21 cm |
||
| 942 |
_2ddc _cBK |
||